01807nmm a22003374i 450000100060000000300090000600500170001500700030003200800410003504000230007610000480009924502480014726400500039530000580044533600270050333700290053033800390055934700310059850201770062950400490080650501510085561000850100665000240109165000270111565000790114265000270122170000490124885601400129794200150143799900170145235186DO-SdISF20250506133632.0ta240529s2025 dr ||||fo||d| 00| 0 spa d aDO-SdISFbspaerda1 aTorres Gómez, Edward Joséeautor93413110aEstilos de vida saludables de los estudiantes del nivel secundario de 14 a 17 años, pertenecientes en el distrito educativo 09-03, año escolar 2023-2024 /csustentada por: Edward José Torres Gómez ; asesor: Luis Miguel Pacheco Ferreira 1aSantiago de los Caballeros :bISFODOSU,c2025 a1 recurso en línea (97 páginas) : bilustraciones 2rdacontentatextobtxt aComputadorabc2rdamedia arecurso en líneabcr2rdacarrier 2rdaaarchivo de textobPDF aTesis para optar por el título de Maestría en Educación Física Integral - Instituto Superior de Formación Docente Salomé Ureña - ISFODOSU, Recinto LNNM, 2025. aReferencias bibliográficas en página 57.2 aIntroducción -- Marco teórico -- La metodología -- Resultados -- Discusión de los resultados -- Conclusiones -- Recomendaciones -- Anexos.24aInstituto Superior de Formación Docente Salomé UreñavTesis2armarc92067714aSalud escolar9946417aEstilos de vida92098217aEducación secundariaxEstudiantes2armarczRepública Dominicana92565817aEstilos de vida9209821 aPacheco Ferreira, Luis Miguel931269easesor yClic para ver Texto Completouhttps://biblioteca.isfodosu.edu.do/cgi-bin/koha/opac-retrieve-file.pl?id=ff36f840bc7cbecd03ac61aae370f21d 2LOCcTESIS c13426d13426